000 00499cam a22001934a 4500
005 20250605164309.0
008 250528s ||||||||||||||||||||||||d
035 _a22404
020 _a9789603442301
040 _aGR-AtMCL
_bgre
_dGR-AtMCL
_eAACR2
245 1 _aΗ ΣΥΝΑΙΣΘΗΜΑΤΙΚΗ ΝΟΗΜΟΣΥΝΗ
250 _a43
260 _bΕλληνικά Γράμματα,
_c1998
300 _a462
700 1 _aDaniel Goleman
_97296
942 _cBK
999 _c7457
_d7457